000 00548nam a2200193Ia 4500
008 101110s9999 xx 000 0 und d
041 _aENGLISH
082 _bSR23808
100 _aKale N. G., Ahmed M.
245 _aManagement and Human Resource Development ( T.Y.B.Com)
365 _b100
520 _aCommerce
546 _aENGLISH
630 _aManagement and Human Resource Development ( T.Y.B.Com)
650 _aCommerce
655 _aCommerce
730 _aManagement and Human Resource Development ( T.Y.B.Com)
942 _cBOOK
999 _c816500
_d816497